| Tag |
First Indicator |
Second Indicator |
Subfields |
| LEADER |
00000cam a2200000 a 4500 |
| 001 |
in00000318521 |
| 005 |
20151010163522.0 |
| 008 |
800121s1978 nyua b s00010 eng d |
| 035 |
|
|
|a (OCoLC)05895465
|
| 035 |
|
|
|9 ABJ7436AM
|
| 040 |
|
|
|a NYG
|c NYG
|d m.c.
|d TXA
|d UtOrBLW
|
| 043 |
|
|
|a n-mx---
|
| 049 |
|
|
|a TXAM
|c 1 [1656296], 2 [A11066294]
|
| 090 |
|
|
|a SB191 M2
|b G3
|
| 100 |
1 |
|
|a Garcia, Philip.
|
| 245 |
1 |
0 |
|a Small farm maize marketing :
|b a case study from northern Vera Cruz, Mexico /
|c by Philip Garcia.
|
| 264 |
|
1 |
|a Ithaca, N.Y. :
|b Dept. of Agricultural Economics, New York State College of Agriculture and Life Sciences, Cornell University,
|c 1978.
|
| 300 |
|
|
|a 62 pages :
|b illustrations ;
|c 28 cm.
|
| 336 |
|
|
|a text
|b txt
|2 rdacontent
|
| 337 |
|
|
|a unmediated
|b n
|2 rdamedia
|
| 338 |
|
|
|a volume
|b nc
|2 rdacarrier
|
| 490 |
1 |
|
|a Cornell international agriculture mimeograph ;
|v 63
|
| 500 |
|
|
|a "Report derives from the author's doctoral dissertation 'Market linkages of small farms: a study of the maize market in northern Vera Cruz, Mexico', submitted to Cornell University in January, 1978."
|
| 504 |
|
|
|a Bibliography: pages 61-62.
|
| 650 |
|
0 |
|a Corn
|z Mexico
|z Veracruz-Llave (State)
|x Marketing.
|
| 710 |
2 |
|
|a New York State College of Agriculture and Life Sciences.
|b Department of Agricultural Economics.
|
| 830 |
|
0 |
|a Cornell international agriculture mimeograph ;
|v 63.
|
| 999 |
|
|
|a MARS
|
| 999 |
f |
f |
|s f4c23cf3-f48d-3ab9-a4d6-b74a4d5c9a22
|i 8b93e8d4-1a41-3cf7-b522-83c0765622f5
|t 0
|
| 952 |
f |
f |
|p ric
|a Texas A&M University
|b Rellis Campus
|c Joint Library Facility
|d Remote Storage
|t 0
|e SB191.M2 G3
|h Library of Congress classification
|i unmediated -- volume
|m A14811066294
|
| 998 |
f |
f |
|a SB191.M2 G3
|t 0
|l Remote Storage
|